000
00276nam a2200109Ia 4500
008
230907s9999||||xx |||||||||||||| ||und||
082
_a
530.141
_b
HAY
245
0
_a
Engineering electromagnetics /
260
_a
McGraw-Hill,
_b
New Delhi :
_c
2018
300
_a
632 p.
942
_c
BK
999
_c
600536
_d
600536